| 000 | 00885nam a2200241Ia 4500 | ||
|---|---|---|---|
| 003 | OSt | ||
| 005 | 20220923212622.0 | ||
| 006 | a|||||r|||| 00| 0 | ||
| 007 | ta | ||
| 008 | 220922b |||||||| |||| 00| 0 hin d | ||
| 024 | _a154,617 | ||
| 037 | _cTextual | ||
| 040 |
_aARTS _cARTS _bhin |
||
| 041 |
_2hin _ahin |
||
| 082 | _aO1520j35,1:gN, M6-;1 | ||
| 100 |
_aसूरप्पडु, एस0 _9162380 |
||
| 245 | 0 |
_aहिन्दी और तेलुगु _b आधुनिक काव्यधारा (1857-1957) |
|
| 246 | _aHindī aur telugu: ādhunik kāvyadhārā (1857-1957): ek talunātmak adhyayana | ||
| 260 |
_aनई दिल्ली _b दिग्दर्शन चरण जैन _c1986 |
||
| 300 |
_a410 पृ. _ccm. |
||
| 942 |
_hO1520j35,1:gN, M6-;1 _cTEXL _2CC |
||
| 999 |
_c310239 _d310239 |
||